[Event "43rd Annual World Open"]
[Site "Arlington USA"]
[Date "2015.07.01"]
[Round "1"]
[White "Fikiet, Alex M"]
[Black "Ramirez, Alejandro"]
[Result "0-1"]
[BlackTitle "GM"]
[WhiteElo "2209"]
[BlackElo "2587"]
[WhiteFideId "2052717"]
[BlackFideId "6500617"]
[EventDate "2015.07.01"]
[EventType "swiss"]

1. d4 e6 2. c4 Bb4+ 3. Nc3 f5 4. e3 Nf6 5. Ne2 b6 6. a3 Bd6 7. Ng3 Bb7 8. Qc2
O-O 9. Bd3 Bxg2 10. Rg1 Bf3 11. e4 Nc6 12. Be3 f4 13. e5 fxe3 14. exf6 exf2+ 15.
Qxf2 Qxf6 0-1

[Event "43rd Annual World Open"]
[Site "Arlington USA"]
[Date "2015.07.03"]
[Round "4"]
[White "Katz, Alexander R"]
[Black "Ghaem Maghami, Ehsan"]
[Result "0-1"]
[WhiteTitle "IM"]
[BlackTitle "GM"]
[WhiteElo "2320"]
[BlackElo "2570"]
[WhiteFideId "2039796"]
[BlackFideId "12500739"]
[EventDate "2015.07.01"]
[EventType "swiss"]

1. e4 c5 2. Nf3 d6 3. Bb5+ Nd7 4. O-O Nf6 5. Re1 a6 6. Bf1 b6 7. c3 Bb7 8. d3 g6
9. Nbd2 Bg7 10. h3 O-O 11. d4 cxd4 12. cxd4 Rc8 13. Bd3 e5 14. d5 Nc5 15. Bc2
Qc7 16. Re3 b5 17. b4 Ncd7 18. Bb3 Nxd5 19. exd5 e4 20. Rb1 exf3 21. Nxf3 Nb6
22. Re2 Nc4 23. Bf4 Rfe8 24. Rxe8+ Rxe8 25. Qd3 Nb2 26. Qd2 Nc4 27. Qd3 Nb2 28.
Qd2 Re4 29. Bh6 Nc4 30. Qd3 f5 31. Bxg7 Qxg7 32. Re1 Rxe1+ 33. Nxe1 Qe5 34. Nf3
Qxd5 35. Bxc4 bxc4 36. Qe3 Qe4 37. Qb6 Qe7 38. Qd4 Qc7 39. Ng5 c3 40. Qe3 Bd5
41. Qe8+ Kg7 42. Qe3 c2 43. Qd4+ Kf8 44. Qh8+ Ke7 45. Qxh7+ Kd8 46. Qh8+ Kd7 47.
Qg7+ Kc8 0-1

[Event "43rd Annual World Open"]
[Site "Arlington USA"]
[Date "2015.07.03"]
[Round "5"]
[White "Bartell, Thomas"]
[Black "Ramirez, Alejandro"]
[Result "0-1"]
[WhiteTitle "IM"]
[BlackTitle "GM"]
[WhiteElo "2331"]
[BlackElo "2587"]
[WhiteFideId "2017849"]
[BlackFideId "6500617"]
[EventDate "2015.07.01"]
[EventType "swiss"]

1. d4 e6 2. c4 Bb4+ 3. Nd2 d5 4. e3 Nf6 5. Nf3 O-O 6. Be2 b6 7. O-O Bb7 8. a3
Bd6 9. b4 c5 10. bxc5 bxc5 11. dxc5 Bxc5 12. Bb2 Nbd7 13. cxd5 Bxd5 14. Qa4 Rb8
15. Bd4 Bxd4 16. Qxd4 Qa5 17. Rfc1 Rfc8 18. h3 Rxc1+ 19. Rxc1 Qxa3 20. Ra1 Qb2
21. Rxa7 Bxf3 22. Bxf3 Qxd4 23. exd4 Rb4 24. Ra8+ Nf8 25. Rd8 Nd7 26. d5 exd5
27. Kf1 g6 28. Ke2 Rb5 29. Rc8 Kg7 30. Rc6 Ne5 31. Rd6 Ne6 32. Kd1 Nf4 33. Be2
Ra5 34. Bf1 Nc4 35. Bxc4 Ra1+ 36. Kc2 dxc4 37. Rd4 Nxg2 38. Nxc4 Rf1 0-1

[Event "43rd Annual World Open"]
[Site "Arlington USA"]
[Date "2015.07.03"]
[Round "5"]
[White "Aaron, Deepak"]
[Black "Bachmann, Axel"]
[Result "0-1"]
[BlackTitle "GM"]
[WhiteElo "2321"]
[BlackElo "2633"]
[WhiteFideId "2009412"]
[BlackFideId "3700488"]
[EventDate "2015.07.01"]
[EventType "swiss"]

1. e4 g6 2. d4 Bg7 3. Nc3 c6 4. Be3 d6 5. Qd2 Nd7 6. f3 b5 7. g4 Nb6 8. h4 h5 9.
gxh5 Rxh5 10. Bd3 e5 11. dxe5 Bxe5 12. f4 Rxh4 13. fxe5 Rxh1 14. O-O-O dxe5 15.
Qg2 Qh4 16. Bxb5 Ne7 17. Qd2 Bg4 18. Bg5 Qh5 19. Bxe7 Bxd1 20. Qd6 Bg4 21. Ne2
cxb5 22. Bf6 Qh6+ 23. Kb1 Qf8 24. Qxe5+ Be6 0-1

[Event "43rd Annual World Open"]
[Site "Arlington USA"]
[Date "2015.07.04"]
[Round "7"]
[White "Aaron, Deepak"]
[Black "Fawole, John Oyeyemi"]
[Result "1-0"]
[BlackTitle "CM"]
[WhiteElo "2321"]
[BlackElo "2160"]
[WhiteFideId "2009412"]
[BlackFideId "8501319"]
[EventDate "2015.07.01"]
[EventType "swiss"]

1. e4 c5 2. Nf3 d6 3. d4 cxd4 4. Nxd4 Nf6 5. Nc3 a6 6. Bc4 e6 7. Bb3 Nbd7 8. f4
Nc5 9. e5 dxe5 10. fxe5 Nxb3 11. axb3 Nd5 12. O-O Be7 13. Qg4 Bc5 14. Ne2 Ne7
15. Bg5 Qd5 16. Bxe7 Kxe7 17. Qf4 Rf8 18. c4 Qd8 19. Rad1 Ke8 20. Kh1 Qc7 21.
Qg5 Rg8 22. Ng3 h6 23. Qh5 g6 24. Qf3 Rf8 25. Ne4 Qxe5 26. Nf6+ Ke7 27. Nc6+
bxc6 28. Ng8+ 1-0

[Event "43rd Annual World Open"]
[Site "Arlington USA"]
[Date "2015.07.05"]
[Round "8"]
[White "El Debs, Felipe de Cresce"]
[Black "Gulamali, Kazim"]
[Result "1-0"]
[WhiteTitle "GM"]
[BlackTitle "FM"]
[WhiteElo "2515"]
[BlackElo "2350"]
[WhiteFideId "2106981"]
[BlackFideId "2024764"]
[EventDate "2015.07.01"]
[EventType "swiss"]

1. d4 Nf6 2. c4 e6 3. Nc3 Bb4 4. e3 O-O 5. Bd3 c5 6. Ne2 d5 7. O-O cxd4 8. exd4
dxc4 9. Bxc4 Nc6 10. a3 Bd6 11. Qd3 e5 12. d5 e4 13. Nxe4 Bf5 14. N2g3 Bxe4 15.
Nxe4 Ne5 16. Nxf6+ Qxf6 17. Qe4 Rfe8 18. Bb5 Re7 19. Be3 Ng6 20. Qd4 Qxd4 21.
Bxd4 Nf4 22. Rfd1 a6 23. Bc4 b5 24. Bf1 Nxd5 25. g3 Nc7 26. Rac1 Ne8 27. Rc6 Re6
28. Bh3 Rh6 29. Bg2 Rd8 30. Be3 Re6 31. Rxa6 1-0

[Event "43rd Annual World Open"]
[Site "Arlington USA"]
[Date "2015.07.05"]
[Round "8"]
[White "Esserman, Marc"]
[Black "Hua, David A"]
[Result "0-1"]
[WhiteTitle "IM"]
[WhiteElo "2406"]
[BlackElo "2301"]
[WhiteFideId "2018616"]
[BlackFideId "2030047"]
[EventDate "2015.07.01"]
[EventType "swiss"]

1. d4 Nf6 2. c4 e6 3. Nc3 Bb4 4. e3 c5 5. Ne2 b6 6. a3 Ba5 7. Rb1 Na6 8. Qa4 Bb7
9. b4 Bc6 10. b5 Be4 11. Ra1 cxd4 12. exd4 Nc7 13. Bd2 Bb7 14. Rg1 a6 15. bxa6
Rxa6 16. Qb3 O-O 17. g4 d5 18. c5 Qa8 19. g5 Nd7 20. Nf4 bxc5 21. Bxa6 Bxa6 22.
Qa4 Bb5 0-1

[Event "43rd Annual World Open"]
[Site "Arlington USA"]
[Date "2015.07.05"]
[Round "9"]
[White "McShane, Luke J"]
[Black "Georgiadis, Nico"]
[Result "1-0"]
[WhiteTitle "GM"]
[BlackTitle "IM"]
[WhiteElo "2685"]
[BlackElo "2482"]
[WhiteFideId "404853"]
[BlackFideId "1300113"]
[EventDate "2015.07.01"]
[EventType "swiss"]

1. d4 Nf6 2. c4 e6 3. Nc3 Bb4 4. e3 d5 5. cxd5 exd5 6. Bd3 c5 7. Ne2 O-O 8. O-O
Nc6 9. f3 Re8 10. Kh1 h6 11. Rg1 cxd4 12. exd4 Be6 13. g4 Qd7 14. Qe1 Nh7 15.
Qg3 Bd6 16. Qg2 f6 17. f4 Rad8 18. f5 Bf7 19. h4 Kh8 20. Bd2 Bb8 21. Raf1 Re7
22. g5 Bh5 23. gxh6 a6 24. Rf2 b5 25. hxg7+ Rxg7 26. Qxg7+ Qxg7 27. Rxg7 Kxg7
28. Nf4 Bxf4 29. Rxf4 Nf8 30. Kg1 Nd7 31. Ne2 Nb6 32. b3 Nc8 33. Ng3 Bf7 34.
Rg4+ Kh7 35. Kf2 Nd6 36. Be3 Nb4 37. Bb1 Rc8 38. Bf4 Ne8 39. Ne2 Bh5 40. Rg1
Nxa2 41. Ng3 Bf7 42. Bxa2 Rc2+ 43. Kf3 Rxa2 44. Re1 Ng7 45. h5 Nxh5 46. Rh1 1-0